Franching : : a guide to a successful franchise business.
| Main Author: | |
|---|---|
| Format: | Book |
| Published: |
Kuala Lumpur ::
Leeds Publications,
2002.
|
| Edition: | 2nd ed.. |
| Subjects: |
| LEADER | 00545cam a2200169 7i4500 | ||
|---|---|---|---|
| 001 | 0000032240 | ||
| 005 | 20150407090000.0 | ||
| 020 | 0 | 0 | |a 9832431182 |
| 090 | 0 | 0 | |a M 658.8708 |b MIR |
| 100 | 1 | 0 | |a Miranda, George |
| 245 | 1 | 0 | |a Franching : : |b a guide to a successful franchise business. |
| 250 | 0 | 0 | |a 2nd ed.. |
| 260 | 0 | 0 | |a Kuala Lumpur :: |b Leeds Publications, |c 2002. |
| 300 | # | # | |a 219 pages. |
| 650 | 0 | 0 | |a Franchises (Retail trade) -- |x Handbooks, manuals, etc. |
| 650 | 0 | 0 | |a Business -- |x Management |
| 999 | |a B000036007 |b Book |c Book |e Business Information Centre | ||


